Southville International School and Colleges
Your cart is empty.
  • Cart
  • Lists
    Public lists Eva Luna New books Lux_list list_1
    Your lists Log in to create your own lists
  • Log in to your account
  • Your cookies
  • Search history
Southville International School and Colleges
  • Advanced search
  • Recent comments
  • Most popular
  • Libraries

Log in to your account

Log in with GOOGLE


If you do not have an external account, but do have a local account, you can still log in:

  1. Home
  2. MARC view: The Incredible human body, grades 3-6 :
Normal view MARC view ISBD view

The Incredible human body, grades 3-6 : (Record no. 112981)

[ view plain ]
MARC details
000 -LEADER
fixed length control field 00574nam a2200169 a 4500
001 - CONTROL NUMBER
control field 0867
005 - DATE AND TIME OF LATEST TRANSACTION
control field 20140414131958.0
008 - FIXED-LENGTH DATA ELEMENTS--GENERAL INFORMATION
fixed length control field 041001s19uu xx 00 eng d
020 ## - INTERNATIONAL STANDARD BOOK NUMBER
International Standard Book Number 0-590-59928-3
050 ## - LIBRARY OF CONGRESS CALL NUMBER
Classification number TR 611
Item number W44 1996
100 ## - MAIN ENTRY--PERSONAL NAME
Personal name Weiner, Esther
245 ## - TITLE STATEMENT
Title The Incredible human body, grades 3-6 :
Remainder of title great activities and two posters that teach about the major body systems /
Statement of responsibility, etc Esther Weiner.
260 ## - PUBLICATION, DISTRIBUTION, ETC. (IMPRINT)
Place of publication, distribution, etc New York :
Name of publisher, distributor, etc Scholastic Professional Books,
Date of publication, distribution, etc 1996.
300 ## - PHYSICAL DESCRIPTION
Extent 96 p. : ill. ; cm.
650 ## - SUBJECT ADDED ENTRY--TOPICAL TERM
Topical term or geographic name as entry element Human anatomy
General subdivision Juvenile literature.
Holdings
Withdrawn status Lost status Damaged status Use restrictions Home library Current library Shelving location Date acquired Source of acquisition Total Checkouts Full call number Barcode Date last seen Price effective from Koha item type
        Munich Library Munich Library Teachers Reference Section 10/11/2004     TR 611 W44 1996 M4410 04/14/2014 04/14/2014 Books

The Incredible human body, grades 3-6 :

APA

Weiner E., . (1996). The Incredible human body, grades 3-6. New York: Scholastic Professional Books.

Chicago

Weiner Esther, . 1996. The Incredible human body, grades 3-6. New York: Scholastic Professional Books.

Harvard

Weiner E., . (1996). The Incredible human body, grades 3-6. New York: Scholastic Professional Books.

MLA

Weiner Esther, . The Incredible human body, grades 3-6. New York: Scholastic Professional Books. 1996.

  • Place hold
  • Print
  • Cite
  • Add to your cart (remove)
  • Save record
    BIBTEX Dublin Core MARCXML MARC (non-Unicode/MARC-8) MARC (Unicode/UTF-8) MARC (Unicode/UTF-8, Standard) MODS (XML) RIS
  • More searches
    Search for this title in:
    Other Libraries (WorldCat) Other Databases (Google Scholar) Online Stores (Bookfinder.com) Open Library (openlibrary.org)

Exporting to Dublin Core...

SOUTHVILLE LIBRARY

Southville International School and Colleges Library

1281 Tropical Ave. Cor. Luxembourg St., BF Homes International, Las Pinas City

Tel. No. 8256374 / 252358 Loc. 117/146

Powered by Koha